| 000 | 01274nam a2200301 a 4500 | ||
|---|---|---|---|
| 001 | 000045063 | ||
| 003 | DO-SdBNP | ||
| 005 | 20240704133524.0 | ||
| 007 | ta | ||
| 008 | 150130s1999 dr ab 000 0 spa d | ||
| 040 |
_aDO-SdBNP _bspa _cBNPHU |
||
| 082 | 4 |
_a302.2097293 _bM385h _222 |
|
| 100 | 1 |
_aMartínez Fernández, Héctor, _d1949- _919541 |
|
| 245 | 1 | 0 |
_aHistoria de la comunicación social dominicana : _b1492-1844 / _cHéctor Martínez Fernández. |
| 260 |
_aSanto Domingo : _bUniversitaria-UASD, _c1999. |
||
| 300 |
_a354 p. : _bil., mapas ; _c27 cm. |
||
| 490 | 0 |
_aPublicaciones de la Universidad Autónoma de Santo Domingo _v1503 _a Comunicación y sociedad ; _v5 |
|
| 500 | _aIncluye datos biográficos del autor en la solapa de la contracubierta | ||
| 500 | _aIncluye referencias bibliográficas y notas al pie de las páginas | ||
| 504 | _aBibliografía : p. 334-360 | ||
| 590 | _aInventariado, 2022/MFF | ||
| 650 | 4 |
_aComunicación _zRepública Dominicana _xHistoria _y1492-1844 _982469 |
|
| 710 | 1 | 2 |
_aUniversidad Autónoma de Santo Domingo _972951 |
| 830 | 0 |
_aPublicaciones de la Universidad Autónoma de Santo Domingo ; _n903 _973074 |
|
| 830 | 0 |
_aComunicación y sociedad ; _n5 _973075 |
|
| 910 | _aValidado. Control de calidad MFF | ||
| 942 |
_2ddc _cLBS1 |
||
| 999 |
_c44552 _d44552 |
||